000 00285nam a22001217a 4500
020 _a0070334307
082 _a519.502433 KAZ
245 _aStatistical analysis for business and economics
250 _a2rd
260 _aNew york
_bMcgraw-hall
_c1973
300 _axv,623p.
942 _cBK
999 _c16862
_d16862